|
|
|
|
| LEADER |
00000cam a2200000 7i4500 |
| 001 |
0000030181 |
| 005 |
20180719.0 |
| 008 |
180719s1998 my ag 0000 0 bm |
| 020 |
|
|
|a 967941339X
|
| 040 |
|
|
|a PERPUSTAM
|b eng
|c PERPUSTAM
|e rda
|
| 090 |
0 |
0 |
|a 959.5
|b SIR
|
| 100 |
0 |
|
|a Mohamed Roselan Abdul Malek ,
|e author
|
| 245 |
0 |
0 |
|a Kesan Sejarah Dan Tempat - Tempat Menarik Negeri Kedah Darul Aman
|c Mohamed Roselan Abdul Malek
|
| 264 |
|
0 |
|a SelangorDarul Ehsan :
|b Oscar Book International
|c 1998
|
| 300 |
|
|
|a 82 pages :
|b colour illustration ;
|c 23 cm.
|
| 336 |
|
|
|a still image, rdacontent
|
| 336 |
|
|
|a text, rdacontent
|
| 337 |
|
|
|a unmediated
|2 rdamedia
|
| 338 |
|
|
|a volume
|2 rdacarrier
|
| 440 |
|
0 |
|a Siri kesan sejarah dan tempat-tempat menarik
|
| 650 |
0 |
0 |
|a History (Kedah)
|
| 999 |
|
|
|a 0000108780
|b Buku
|c Rak Terbuka
|e Perpustakaan Cawangan Merlimau
|
| 999 |
|
|
|a 0000369014
|b Buku
|c Rak Terbuka
|e Perbadanan Perpustakaan Awam Melaka
|
| 999 |
|
|
|a 0000495452
|b Buku
|c Koleksi Melaka
|e Perpustakaan Cawangan Jasin
|
| 999 |
|
|
|a 101052
|b Buku
|c Koleksi Pinjaman Kanak-Kanak
|e Perbadanan Perpustakaan Awam Melaka
|
| 999 |
|
|
|a 101652
|b Buku
|c Koleksi Pinjaman Kanak-Kanak
|e Perbadanan Perpustakaan Awam Melaka
|
| 999 |
|
|
|a 117024
|b Buku
|c Koleksi Pinjaman Kanak-Kanak
|e Perpustakaan Cawangan Merlimau
|
| 999 |
|
|
|a 117026
|b Buku
|c Rujukan
|e Perpustakaan Cawangan Jasin
|